000 00625nam a2200217Ia 4500
005 20250508164519.0
008 008 250505s9999 xx 000 0 eng d
037 _aTextual
040 _aFEDL
_beng
_cFEDL
041 _aeng
_2eng
084 _a330.954, VAI
_qFEDL
100 _aVaidyanathan A
245 0 _aIndian economy : Crisis, response and prospects
260 _aHyderabad, India
_bOrient Longman Limited
_c1995
300 _axii,115p.
365 _aINR
_b50
546 _aMACESE
650 _aEconomical condition - India
_9778339
942 _cTEXL
_h330.954, VAI
999 _c1389510
_d1389510